[Event "8th ch-Euro"]
[Site "Dresden GER"]
[Date "2007.04.05"]
[Round "3"]
[White "Calder,D"]
[Black "Kues,H"]
[Result "1/2-1/2"]
[WhiteElo "2009"]
[BlackElo "2243"]
[EventDate "2007.04.03"]

1. d4 e6 2. Nf3 c5 3. c4 Nf6 4. g3 d5 5. Bg2 Nc6 6. cxd5 Nxd5 7. O-O Be7 8.
e4 Nf6 9. e5 Nd5 10. dxc5 Bxc5 11. Qc2 Be7 12. a3 Qc7 13. Nc3 Nxc3 14. Qxc3
O-O 15. b4 a6 16. Bb2 Bd7 17. Rac1 Rac8 18. Nd4 Qb8 19. Qf3 Nxd4 20. Bxd4
Bc6 21. Qe3 Bxg2 22. Kxg2 Rxc1 23. Rxc1 Rc8 24. Bc5 Qc7 25. Rc3 Qc6+ 26.
Qf3 Qxf3+ 27. Kxf3 b6 28. Bd4 Rxc3+ 29. Bxc3 Kf8 30. Ke4 Ke8 31. a4 b5 32.
axb5 axb5 33. g4 Kd7 34. f4 Bh4 35. h3 Be7 36. Be1 Ke8 37. f5 Kd7 38. Bc3
Bf8 39. Bd2 Kc6 40. fxe6 fxe6 41. h4 Be7 42. h5 Kd7 43. Kd4 Ke8 44. Ke4 Kf7
45. Kd4 g6 46. Ke4 Ke8 47. Kd4 Kd7 48. Ke4 Kc6 49. Kd4 Bd8 50. Ke4 Be7 51.
Kd4 Kd7 52. Ke4 Ke8 53. Kd4 Kf7 54. Ke4 Kg7 55. Kd4 Kf8 56. Ke4 Kg8 57. Kd3
Bf8 58. Kd4 Kf7 59. Ke4 Ke8 60. Kd4 Kd7 61. Ke4 Kc6 62. Kd4 Be7 63. Ke4 Bh4
64. Kd4 Bg3 65. Ke4 Bf2 66. Bc3 Bh4 67. Bd2 1/2-1/2

[Event "8th ch-Euro"]
[Site "Dresden GER"]
[Date "2007.04.05"]
[Round "3"]
[White "Hartoch,R"]
[Black "Glantz,R"]
[Result "1-0"]
[WhiteElo "2242"]
[BlackElo "1991"]
[EventDate "2007.04.03"]

1. Nf3 Nf6 2. g3 d5 3. Bg2 c5 4. O-O Nc6 5. d4 e6 6. c4 dxc4 7. dxc5 Qxd1
8. Rxd1 Bxc5 9. Nbd2 Ke7 10. Nxc4 Ng4 11. e3 Bd7 12. h3 Nf6 13. b3 Rhd8 14.
Bb2 Be8 15. Nfe5 Rxd1+ 16. Rxd1 Rc8 17. Nd3 Rd8 18. Bf3 b6 19. Nxc5 Rxd1+
20. Bxd1 bxc5 21. a3 Bd7 22. g4 Ne8 23. f4 Nd8 24. Bc2 h6 25. Kf2 Nb7 26.
e4 f6 27. e5 Nc7 28. h4 f5 29. gxf5 exf5 30. Ne3 g6 31. h5 Kf7 32. hxg6+
Kxg6 33. Ng2 Nd5 34. Bc1 Ne7 35. Be3 Kf7 36. Ne1 Bb5 37. Nd3 Nd5 38. Nxc5
Nxc5 39. Bxc5 Nxf4 40. Bxf5 Nd3+ 41. Bxd3 Bxd3 42. Bxa7 Ke6 43. Bb8 Bc2 44.
b4 Ba4 45. Kg3 Kd5 46. Kg4 Bd7+ 47. Kh5 Kc4 48. Kxh6 Kb3 49. Bd6 Kxa3 50.
Kg7 1-0

[Event "8th ch-Euro"]
[Site "Dresden GER"]
[Date "2007.04.05"]
[Round "3"]
[White "Lochte,T"]
[Black "Grosse,Man"]
[Result "0-1"]
[WhiteElo "2221"]
[BlackElo "1923"]
[EventDate "2007.04.03"]

1. e4 c5 2. d4 cxd4 3. c3 d5 4. exd5 Qxd5 5. cxd4 Nc6 6. Nf3 e5 7. Nc3 Bb4
8. Bd2 Bxc3 9. Bxc3 e4 10. Ne5 Nxe5 11. dxe5 Ne7 12. Qc2 O-O 13. Rd1 Qxa2
14. Bb4 Bg4 15. Bxe7 Rfc8 16. Qb1 Qa5+ 17. Rd2 e3 18. fxe3 Qxe5 19. Bh4
Qxe3+ 20. Be2 Bxe2 21. Bf2 Bd3+ 22. Bxe3 Bxb1 23. O-O Be4 24. Rd7 Rc2 25.
Rfxf7 Rxg2+ 26. Kf1 Rc8 27. Rfe7 Bc6 28. Bd4 Rf8+ 29. Ke1 Bxd7 30. Rxd7 h6
31. Rxb7 Rf7 32. Rb8+ Kh7 33. Be5 Rg6 34. Bc3 Rg1+ 0-1

[Event "8th ch-Euro"]
[Site "Dresden GER"]
[Date "2007.04.06"]
[Round "4"]
[White "Galkin,A"]
[Black "Volokitin,And"]
[Result "1/2-1/2"]
[WhiteElo "2590"]
[BlackElo "2645"]
[EventDate "2007.04.03"]

1. e4 c5 2. Nf3 d6 3. d4 cxd4 4. Nxd4 Nf6 5. Nc3 a6 6. Be2 e6 7. f4 Be7 8.
O-O Qc7 9. a4 O-O 10. Kh1 b6 11. Bf3 Bb7 12. f5 e5 13. Nde2 Nbd7 14. g4 h6
15. g5 hxg5 16. Bxg5 Rfc8 17. Rg1 Kf8 18. Rg3 b5 19. Rh3 b4 20. Rh8+ Ng8
21. Rxg8+ Kxg8 22. Bxe7 bxc3 23. Nxc3 Qb6 24. Qd2 Qxb2 25. Rg1 Qxc3 26.
Rxg7+ Kxg7 27. Qg5+ Kh7 28. Qh4+ Kg8 1/2-1/2

[Event "8th ch-Euro"]
[Site "Dresden GER"]
[Date "2007.04.06"]
[Round "4"]
[White "Berelovich,A"]
[Black "Moiseenko,A1"]
[Result "1/2-1/2"]
[WhiteElo "2549"]
[BlackElo "2627"]
[EventDate "2007.04.03"]

1. e4 c5 2. Nf3 Nc6 3. c3 d5 4. exd5 Qxd5 5. d4 Nf6 6. dxc5 Qxd1+ 7. Kxd1
e5 8. b4 Bf5 9. Be3 O-O-O+ 10. Kc1 Nd5 11. Bc4 Be7 12. Rd1 Nxe3 13. fxe3 e4
14. Nd4 Bg4 15. Re1 Ne5 16. Nd2 Bh4 17. g3 Bf6 18. Kc2 Bh5 19. Be2 Bg6 20.
Nc4 Nxc4 21. Bxc4 h5 22. a4 h4 23. a5 hxg3 24. hxg3 a6 25. c6 Rh3 26. cxb7+
Kxb7 27. Nb3 Rxg3 28. Nc5+ Ka7 29. Bxa6 Be7 30. Bb5 Bh5 31. Kb3 f5 32. Ne6
Rd2 33. Rg1 Rxg1 34. Rxg1 Bd1+ 35. Ka3 Bf6 36. Nd4 f4 37. exf4 e3 38. Re1
Bxd4 39. cxd4 e2 40. Rg1 Kb8 41. a6 Rxd4 42. Rxg7 Rd3+ 43. Kb2 Rd2+ 44. Ka1
Ba4 45. Rg8+ Ka7 46. Rg7+ Ka8 47. Rg8+ 1/2-1/2

[Event "8th ch-Euro"]
[Site "Dresden GER"]
[Date "2007.04.06"]
[Round "4"]
[White "Tiviakov,S"]
[Black "Savchenko,B"]
[Result "1/2-1/2"]
[WhiteElo "2667"]
[BlackElo "2562"]
[EventDate "2007.04.03"]

1. e4 c5 2. Nf3 Nc6 3. Bb5 Nf6 4. Nc3 Qc7 5. O-O Nd4 6. Bc4 d6 7. h3 a6 8.
d3 e6 9. Nxd4 cxd4 10. Ne2 Qc5 11. Bb3 Be7 12. c3 dxc3 13. Nxc3 Bd7 14. d4
Qa5 15. Re1 O-O 16. e5 Ne8 17. d5 dxe5 18. dxe6 Bxe6 19. Bxe6 fxe6 20. Qd7
Bc5 21. Qxe6+ Kh8 22. Be3 Bd4 23. Ne4 Nc7 24. Qg4 Bxb2 25. Rab1 Bd4 26. Ng5
Bxe3 27. fxe3 Qxa2 28. Rxb7 Ne8 29. Ne6 Qf2+ 30. Kh2 Rf7 31. Re2 Qf6 32.
Reb2 h6 33. Rb8 Rxb8 34. Rxb8 Re7 35. Nc7 Qc6 36. Qc8 Rxc7 37. Qxe8+
1/2-1/2

[Event "8th ch-Euro"]
[Site "Dresden GER"]
[Date "2007.04.06"]
[Round "4"]
[White "Azarov,S"]
[Black "Timofeev,Arty"]
[Result "1/2-1/2"]
[WhiteElo "2583"]
[BlackElo "2663"]
[EventDate "2007.04.03"]

1. e4 c5 2. Nf3 Nc6 3. d4 cxd4 4. Nxd4 g6 5. c4 Nf6 6. Nc3 Nxd4 7. Qxd4 d6
8. Be2 Bg7 9. Be3 O-O 10. Qd2 a5 11. O-O a4 12. Bd4 Be6 13. Qe3 Nd7 14.
Bxg7 Kxg7 15. Nd5 Bxd5 16. exd5 Qb6 17. Qc3+ Ne5 18. Kh1 Qa5 19. Qd4 Qa7
20. Qc3 Qa5 21. Qd4 Qa7 22. Qc3 Qa5 1/2-1/2

[Event "8th ch-Euro"]
[Site "Dresden GER"]
[Date "2007.04.06"]
[Round "4"]
[White "Brkic,A"]
[Black "Movsesian,S"]
[Result "1/2-1/2"]
[WhiteElo "2570"]
[BlackElo "2637"]
[EventDate "2007.04.03"]

1. e4 e5 2. Nf3 Nc6 3. Bb5 Nf6 4. O-O Nxe4 5. d4 Nd6 6. Bxc6 dxc6 7. dxe5
Nf5 8. Qxd8+ Kxd8 9. Nc3 h6 10. Rd1+ Ke8 11. h3 Ne7 12. Be3 Ng6 13. a3 Be6
14. Rd2 Rd8 15. Rad1 Rxd2 16. Rxd2 b6 17. Ne2 Bd5 18. Ned4 Bc5 19. b4 Bxd4
20. Nxd4 Nxe5 21. Re2 Kd7 22. Bxh6 Nc4 23. Bc1 g6 24. f3 1/2-1/2

[Event "8th ch-Euro"]
[Site "Dresden GER"]
[Date "2007.04.06"]
[Round "4"]
[White "Korneev,O"]
[Black "Khenkin,I"]
[Result "1/2-1/2"]
[WhiteElo "2606"]
[BlackElo "2611"]
[EventDate "2007.04.03"]

1. e4 e5 2. Nf3 Nf6 3. d4 Nxe4 4. Bd3 d5 5. Nxe5 Nd7 6. Nxd7 Bxd7 7. O-O
Bd6 8. Nc3 Nxc3 9. bxc3 O-O 10. Qh5 f5 11. Re1 Qf6 12. Qf3 Qf7 13. Bf4 Rae8
14. h4 Re6 15. Rab1 b6 16. Rxe6 Qxe6 17. Bxd6 cxd6 18. Bb5 Bxb5 19. Rxb5
Qe1+ 20. Kh2 Qe4 21. Kg3 f4+ 22. Kh3 Qxf3+ 23. gxf3 Rc8 24. Rxd5 Rxc3 25.
Rxd6 Rxf3+ 26. Kg2 Ra3 27. Rd7 Kf8 28. Rc7 b5 29. c3 1/2-1/2

[Event "8th ch-Euro"]
[Site "Dresden GER"]
[Date "2007.04.06"]
[Round "4"]
[White "Epishin,V"]
[Black "Najer,E"]
[Result "1/2-1/2"]
[WhiteElo "2554"]
[BlackElo "2605"]
[EventDate "2007.04.03"]

1. d4 d5 2. c4 c6 3. Nf3 Nf6 4. e3 Bf5 5. Nc3 e6 6. Bd3 Bxd3 7. Qxd3 Nbd7
8. O-O Bb4 9. Bd2 a5 10. Rfd1 O-O 11. Qe2 Ne4 12. Nxe4 dxe4 13. Ne5 Nxe5
14. dxe5 Qg5 15. Bxb4 axb4 16. Rd7 Qxe5 17. Rxb7 c5 18. h3 g6 19. Rd7 Ra6
20. Qc2 Rfa8 21. Qb3 h5 22. a4 bxa3 23. Rxa3 Rxa3 24. bxa3 Qa1+ 25. Kh2
Rxa3 26. Qb8+ Kg7 27. Qf4 Qf6 28. Qxe4 Qxf2 29. Qxe6 Rxe3 30. Rxf7+ Qxf7
31. Qxe3 Qxc4 32. Qe7+ Kh6 33. Qf8+ Kg5 34. Qe7+ Kf5 35. Qf8+ Ke4 36. Qe8+
Kd4 37. Qxg6 Qd5 38. g4 Qe5+ 39. Kg2 h4 40. Kf1 Qf4+ 41. Ke1 Kc3 42. Qg7+
Kc2 43. Qh7+ Kc1 44. Qd3 Qb4+ 45. Ke2 c4 46. Qd1+ Kb2 47. Qd4+ Kb3 48. Qd1+
Kb2 49. Qd4+ Kb3 1/2-1/2

[Event "8th ch-Euro"]
[Site "Dresden GER"]
[Date "2007.04.06"]
[Round "4"]
[White "Zelcic,R"]
[Black "Hracek,Z"]
[Result "1/2-1/2"]
[WhiteElo "2557"]
[BlackElo "2619"]
[EventDate "2007.04.03"]

1. e4 c5 2. Nf3 d6 3. d4 cxd4 4. Qxd4 a6 5. c4 Nc6 6. Qd1 g6 7. h3 Bg7 8.
Be2 Nf6 9. Nc3 O-O 10. O-O Nd7 11. Be3 Nc5 12. Nd4 Nxd4 13. Bxd4 e5 14. Be3
Ne6 15. Nd5 Nd4 16. Bd3 Be6 17. Qd2 Bxd5 18. cxd5 Qb6 19. Rac1 Rac8 20. Rc3
Rc5 21. Rfc1 Rfc8 22. b4 Rxc3 23. Rxc3 Rxc3 24. Qxc3 Qd8 25. Qc1 h5 26. a4
Qd7 27. Qa1 Qc7 28. b5 a5 29. Qb2 b6 30. Kh1 Kh7 31. Bd2 Bh6 32. Bc3 h4 33.
Bf1 Bf4 34. Kg1 Kg7 35. Be1 Bc1 36. Qc3 Qxc3 37. Bxc3 Nb3 38. Bd3 Nc5 39.
Bc2 Kh6 40. Kf1 Kg5 41. Ke2 f5 42. Kd1 Bf4 43. Be1 fxe4 44. Ke2 Kf6 45. g3
hxg3 46. fxg3 Bc1 47. Bf2 e3 48. Bxe3 Bxe3 49. Kxe3 g5 50. Bd1 e4 51. h4
gxh4 52. gxh4 Kf5 53. h5 Kg5 54. Kd4 Kf5 55. Bc2 Kg5 56. Bd1 Kf6 57. Bc2
Kf5 58. Ke3 Kg5 59. Bd1 Nd3 60. h6 Kxh6 61. Kxe4 Nc5+ 62. Kf5 Kg7 63. Bc2
Kf7 64. Kg5 Nd7 65. Bg6+ Ke7 66. Be4 Ne5 67. Kf5 Kf7 68. Kg5 Nc4 69. Bg6+
Ke7 70. Be4 Nd2 71. Bd3 Nf3+ 72. Kf5 Kf7 73. Be4 Nd4+ 74. Kg5 Ke7 75. Bd3
Nf3+ 76. Kf5 Ne5 77. Be2 Nd7 78. Bd3 Nf6 79. Be4 1/2-1/2

[Event "8th ch-Euro"]
[Site "Dresden GER"]
[Date "2007.04.06"]
[Round "4"]
[White "Predojevic,B"]
[Black "Prusikin,M"]
[Result "1/2-1/2"]
[WhiteElo "2587"]
[BlackElo "2571"]
[EventDate "2007.04.03"]

1. e4 e6 2. d4 d5 3. Nc3 Nf6 4. Bg5 dxe4 5. Nxe4 Nbd7 6. Nf3 h6 7. Nxf6+
Nxf6 8. Bh4 c5 9. c3 cxd4 10. Qa4+ Bd7 11. Qxd4 Bc6 12. Qxd8+ Rxd8 13. Ne5
Bc5 14. Nxc6 bxc6 15. Be2 g5 16. Bg3 1/2-1/2

[Event "8th ch-Euro"]
[Site "Dresden GER"]
[Date "2007.04.06"]
[Round "4"]
[White "Nepomniachtchi,I"]
[Black "Sulskis,S"]
[Result "1-0"]
[WhiteElo "2587"]
[BlackElo "2525"]
[EventDate "2007.04.03"]

1. e4 c6 2. d4 d5 3. e5 Bf5 4. Be3 e6 5. Nd2 Nd7 6. Ngf3 Ne7 7. Be2 h6 8.
O-O Bh7 9. g4 h5 10. h3 c5 11. c3 Nc6 12. Kg2 Be7 13. a3 f6 14. exf6 gxf6
15. b4 c4 16. Bf4 Rg8 17. Bg3 hxg4 18. hxg4 Rxg4 19. Nh4 Rg7 20. Bh5+ Kf8
21. Qe2 f5 22. Kh3 Nf6 23. b5 Nb8 24. Bf4 Nxh5 25. Qxh5 Bxh4 26. Bh6 Bf6
27. Rg1 Nd7 28. Rg2 Kg8 29. Bxg7 Bxg7 30. Rag1 Qf6 31. Nf3 f4 32. Nh4 Rf8
33. Rxg7+ Qxg7 34. Rxg7+ Kxg7 35. Qg5+ Kf7 36. Qxf4+ Ke7 37. Qc7 Rxf2 38.
Kg3 Rc2 39. Nf3 Rxc3 40. Kf4 Rxf3+ 41. Kxf3 b6 42. Ke3 Bf5 43. Kd2 e5 44.
dxe5 Be6 45. Ke3 1-0

[Event "8th ch-Euro"]
[Site "Dresden GER"]
[Date "2007.04.06"]
[Round "4"]
[White "Golod,V"]
[Black "Pert,N"]
[Result "1/2-1/2"]
[WhiteElo "2597"]
[BlackElo "2518"]
[EventDate "2007.04.03"]

1. d4 d5 2. c4 c6 3. Nf3 Nf6 4. Qc2 g6 5. Bf4 Bf5 6. Qb3 Qb6 7. c5 Qxb3 8.
axb3 Bxb1 9. Rxb1 Nbd7 10. h3 Bg7 11. e3 O-O 12. b4 a6 13. Bd3 1/2-1/2

[Event "8th ch-Euro"]
[Site "Dresden GER"]
[Date "2007.04.06"]
[Round "4"]
[White "Nataf,IA"]
[Black "Slobodjan,R"]
[Result "1/2-1/2"]
[WhiteElo "2589"]
[BlackElo "2525"]
[EventDate "2007.04.03"]

1. e4 e5 2. Nf3 Nf6 3. d4 Nxe4 4. Bd3 d5 5. Nxe5 Nd7 6. Nxd7 Bxd7 7. O-O
Bd6 8. Qh5 Nf6 9. Re1+ Kf8 10. Qh4 h6 11. Bf4 Ne8 12. Qg3 Bxf4 13. Qxf4 Qf6
14. Qxf6 Nxf6 15. Nd2 Re8 16. Nf3 Rxe1+ 17. Rxe1 g6 18. Ne5 Be8 19. Re3 Kg7
20. Be2 Ne4 21. Bf3 f6 22. Nd3 f5 23. Ne5 Kf6 24. Ra3 a6 25. Rb3 b6 26. Be2
a5 27. f3 Nd6 28. Kf2 Rh7 1/2-1/2

[Event "8th ch-Euro"]
[Site "Dresden GER"]
[Date "2007.04.06"]
[Round "4"]
[White "Shomoev,A"]
[Black "Potkin,V"]
[Result "0-1"]
[WhiteElo "2556"]
[BlackElo "2580"]
[EventDate "2007.04.03"]

1. e4 e6 2. d4 d5 3. Nc3 Nf6 4. e5 Nfd7 5. f4 c5 6. Nf3 Nc6 7. Be3 Be7 8.
dxc5 O-O 9. Qd2 Bxc5 10. O-O-O Qa5 11. Nd4 Bxd4 12. Bxd4 Rb8 13. Kb1 b5 14.
Ne2 b4 15. Be3 Ba6 16. Nd4 Rfc8 17. Nb3 Qa4 18. g4 Rb7 19. Bg2 Rbc7 20. Qf2
Na5 21. Nd4 Rxc2 22. Nxc2 Bc4 23. b3 Bxb3 24. axb3 Qxb3+ 25. Kc1 Qa2 26.
Rd3 b3 27. Kd1 bxc2+ 28. Kc1 Qa1+ 29. Kd2 Qxh1 30. Ke2 c1=Q 0-1

[Event "8th ch-Euro"]
[Site "Dresden GER"]
[Date "2007.04.06"]
[Round "4"]
[White "Baramidze,D"]
[Black "Huzman,A"]
[Result "1/2-1/2"]
[WhiteElo "2561"]
[BlackElo "2591"]
[EventDate "2007.04.03"]

1. e4 e5 2. Nf3 Nf6 3. Nxe5 d6 4. Nf3 Nxe4 5. Nc3 Nxc3 6. dxc3 Be7 7. Be3
O-O 8. Qd2 Nd7 9. O-O-O Nc5 10. Nd4 Ne4 11. Qd3 Nc5 12. Qd2 Ne4 13. Qd3 Nc5
1/2-1/2

[Event "8th ch-Euro"]
[Site "Dresden GER"]
[Date "2007.04.06"]
[Round "4"]
[White "Kalvaitis,S"]
[Black "Gustafsson,J"]
[Result "0-1"]
[WhiteElo "2201"]
[BlackElo "2584"]
[EventDate "2007.04.03"]

1. e4 c5 2. Nf3 e6 3. c3 Nf6 4. e5 Nd5 5. d4 cxd4 6. cxd4 d6 7. a3 Bd7 8.
Bd3 Bc6 9. O-O Nd7 10. b4 a6 11. Bg5 Be7 12. Bxe7 Qxe7 13. Nbd2 O-O 14. Re1
Rac8 15. Rc1 Nf4 16. Be4 d5 17. Bb1 Bb5 18. Rxc8 Rxc8 19. Nf1 Rc3 20. Re3
Nb6 21. Qd2 Rc6 22. Re1 Ng6 23. Ne3 Na4 24. Rc1 Qc7 25. Rxc6 Qxc6 26. g3
Qc3 27. Qxc3 Nxc3 28. Bxg6 hxg6 29. Nc2 f6 30. Nfe1 g5 31. f3 Kf7 32. Kf2
Nd1+ 33. Kg2 Kg6 34. g4 f5 35. gxf5+ exf5 36. f4 g4 37. Kg3 Ba4 38. h3 gxh3
39. Kxh3 Nc3 40. Kg3 Nb5 41. Kh4 Bb3 42. Kg3 Kh5 43. Kh3 g5 44. fxg5 Kxg5
45. Kg3 f4+ 46. Kf3 Kf5 47. e6 Ba4 48. e7 Nd6 49. Na1 Nc8 50. Nb3 Nxe7 51.
Nc5 Bd1+ 52. Kf2 b6 53. Nxa6 Ke4 54. Ng2 Nf5 55. Nb8 Ba4 56. Na6 Nxd4 57.
Nc7 Bc6 58. a4 f3 59. b5 Bxb5 60. axb5 fxg2 61. Kxg2 Nf5 62. Na8 Ne3+ 63.
Kf2 Nc4 64. Ke2 d4 65. Nc7 d3+ 66. Kd1 Kd4 67. Kc1 Kc5 68. Kd1 Kd4 69. Kc1
Kc5 70. Kd1 Nd6 71. Kd2 Kc4 72. Ke3 Nf5+ 73. Kd2 Ng3 74. Kd1 Ne4 75. Kc1
Nc5 76. Kd2 Nb3+ 77. Kd1 Kc5 78. Ke1 Kb4 79. Kd1 Kc4 80. Ke1 Nc5 81. Kd2
Ne4+ 82. Ke3 d2 83. Ke2 Kb3 84. Kd1 Kb2 85. Ne6 Kc3 0-1

[Event "8th ch-Euro"]
[Site "Dresden GER"]
[Date "2007.04.06"]
[Round "4"]
[White "Nisipeanu,LD"]
[Black "Simacek,P"]
[Result "1-0"]
[WhiteElo "2689"]
[BlackElo "2501"]
[EventDate "2007.04.03"]

1. e4 e5 2. Nf3 Nc6 3. Bb5 a6 4. Ba4 Nf6 5. O-O Nxe4 6. d4 b5 7. Bb3 d5 8.
dxe5 Be6 9. Be3 Bc5 10. Bxc5 Nxc5 11. Nd4 Nxd4 12. Qxd4 Nb7 13. c3 O-O 14.
Nd2 c5 15. Qf4 Na5 16. Bc2 Nc6 17. Ne4 Nxe5 18. Nxc5 Nd7 19. Nb3 Qf6 20.
Qxf6 Nxf6 21. Rfe1 Rfc8 22. Nd4 b4 23. cxb4 Rc4 24. Rad1 Rxb4 25. b3 Rc8
26. Bb1 Bd7 27. f3 Kf8 28. Kf2 a5 29. a3 Rb7 30. Rc1 Rbc7 31. Rxc7 Rxc7 32.
a4 h6 33. Bd3 Ne8 34. Bb5 Bxb5 35. axb5 Rb7 36. Ra1 Nc7 37. Rxa5 Ke7 38.
Ke3 g6 39. Kd3 Kd6 40. Kc3 Kc5 41. g4 h5 42. gxh5 gxh5 43. f4 Ne6 44. f5
Nc7 45. b6+ Kxb6 46. b4 Rb8 47. Rc5 Re8 48. Rc6+ Kb7 49. Rf6 Re3+ 50. Kd2
Rh3 51. Rxf7 Rxh2+ 52. Ke3 Kc8 53. f6 Rh4 54. Rxc7+ Kxc7 55. f7 Re4+ 56.
Kd3 1-0

[Event "8th ch-Euro"]
[Site "Dresden GER"]
[Date "2007.04.06"]
[Round "4"]
[White "Pashikian,A"]
[Black "Van Wely,L"]
[Result "1/2-1/2"]
[WhiteElo "2532"]
[BlackElo "2683"]
[EventDate "2007.04.03"]

1. d4 Nf6 2. c4 e6 3. Nf3 b6 4. g3 Ba6 5. Qc2 Bb7 6. Bg2 c5 7. d5 exd5 8.
cxd5 Nxd5 9. O-O Nc7 10. Nc3 Be7 11. Rd1 Nc6 12. Ne5 Qc8 13. Qf5 Nxe5 14.
Qxe5 Ne6 15. Nd5 Bxd5 16. Bxd5 Bf6 17. Qe4 Rb8 18. Bf4 Bxb2 19. Rab1 Bf6
20. Bd6 Be7 21. Bxb8 Qxb8 22. Bc4 Qc8 23. Bb5 Nd4 24. Bxd7+ Qxd7 25. e3 O-O
26. exd4 c4 27. d5 Rc8 1/2-1/2

[Event "8th ch-Euro"]
[Site "Dresden GER"]
[Date "2007.04.06"]
[Round "4"]
[White "Iljin,A"]
[Black "Georgiev,Ki"]
[Result "0-1"]
[WhiteElo "2529"]
[BlackElo "2661"]
[EventDate "2007.04.03"]

1. d4 Nf6 2. c4 e6 3. Nc3 Bb4 4. Qc2 O-O 5. a3 Bxc3+ 6. Qxc3 b6 7. Bg5 Bb7
8. e3 h6 9. Bh4 d6 10. Ne2 Nbd7 11. Qd3 a5 12. Nc3 a4 13. f3 d5 14. cxd5
exd5 15. Qd2 Ra5 16. Bd3 c5 17. O-O Bc6 18. Rad1 Re8 19. Bb1 Qe7 20. Rfe1
Qf8 21. Ba2 c4 22. Bb1 g6 23. e4 dxe4 24. fxe4 Rh5 25. Bg3 b5 26. d5 Bb7
27. Nxb5 Qc5+ 28. Nd4 Ne5 29. Kh1 Ba6 30. Qc3 Qb6 31. Nc6 Nfg4 32. Nxe5
Rxh2+ 33. Bxh2 Nf2+ 34. Kg1 Nxd1+ 35. Kh1 Nf2+ 36. Kg1 Nd1+ 37. Kh1 Nxc3
38. bxc3 Qf6 39. Nd7 Qf2 40. Rd1 Bb5 41. Ne5 Qe2 42. Rc1 Qd2 43. Rf1 Qxc3
44. Ng4 f5 0-1

[Event "8th ch-Euro"]
[Site "Dresden GER"]
[Date "2007.04.06"]
[Round "4"]
[White "Andreikin,D"]
[Black "Areshchenko,A"]
[Result "1/2-1/2"]
[WhiteElo "2509"]
[BlackElo "2644"]
[EventDate "2007.04.03"]

1. e4 c5 2. Ne2 Nf6 3. Nbc3 d6 4. d4 cxd4 5. Nxd4 a6 6. Be3 e5 7. Nde2 Be6
8. f4 Nbd7 9. f5 Bc4 10. Nc1 Bxf1 11. Rxf1 b5 12. Nb3 Rc8 13. a3 Nb6 14.
Bxb6 Qxb6 15. Qd3 Be7 16. O-O-O b4 17. axb4 Qxb4 18. g4 h6 19. h4 Nxg4 20.
Qxa6 Qc4 21. Qxc4 Rxc4 22. Na5 Rxc3 23. bxc3 Ne3 24. h5 Bg5 25. Kb2 Kd7 26.
c4 Ra8 27. Nb3 Nxc4+ 28. Kc3 Rc8 29. Ra1 Rc7 30. Rf2 Ne3+ 31. Kd3 Ng4 32.
Rg2 Nf6 33. Rh2 d5 34. exd5 Nxd5 35. c4 Ne3 36. c5 Nxf5 37. Rha2 Bf6 38.
Ke4 Ng3+ 39. Kd5 Bd8 40. Ra7 Nxh5 41. c6+ Ke7 42. Kxe5 f6+ 43. Ke4 Kd6 44.
Nd4 Rxa7 45. Rxa7 Bc7 46. Ra6 Kc5 47. Ne6+ Kd6 48. Nd4 Kc5 49. Ra7 f5+ 50.
Kxf5 Kxd4 51. Rxc7 Kd5 52. Kg6 Nf4+ 53. Kf7 Kd6 54. Rc8 Nd5 55. Kxg7 Ne7
56. Rd8+ Kxc6 57. Kxh6 Nd5 58. Kg5 Kc5 59. Kf5 Nb4 60. Ke6 Kc4 61. Rb8 Kc5
62. Rb7 Nd3 63. Rd7 Kc4 64. Kd6 Kd4 65. Rd8 Nf4 66. Rb8 Ke4 1/2-1/2

[Event "8th ch-Euro"]
[Site "Dresden GER"]
[Date "2007.04.06"]
[Round "4"]
[White "Cheparinov,I"]
[Black "David,Alb"]
[Result "1-0"]
[WhiteElo "2640"]
[BlackElo "2528"]
[EventDate "2007.04.03"]

1. e4 e5 2. Nf3 Nc6 3. Bb5 a6 4. Ba4 Nf6 5. O-O Be7 6. Re1 b5 7. Bb3 O-O 8.
h3 Bb7 9. d3 d6 10. a4 Nb8 11. axb5 axb5 12. Rxa8 Bxa8 13. Na3 Bc6 14. d4
exd4 15. Nxd4 Bxe4 16. Naxb5 c5 17. Rxe4 Nxe4 18. Nf5 Bg5 19. Qg4 Qf6 20.
Nc3 Bxc1 21. Nxe4 Qe5 22. Nfxd6 h5 23. Qg6 Qf4 24. g3 Qf3 25. Nf5 1-0

[Event "8th ch-Euro"]
[Site "Dresden GER"]
[Date "2007.04.06"]
[Round "4"]
[White "Socko,B"]
[Black "Frolyanov,D"]
[Result "1-0"]
[WhiteElo "2629"]
[BlackElo "2521"]
[EventDate "2007.04.03"]

1. e4 e5 2. Nf3 Nf6 3. Nxe5 d6 4. Nf3 Nxe4 5. d4 d5 6. Bd3 Nc6 7. O-O Be7
8. c4 Nb4 9. Be2 O-O 10. Nc3 Bf5 11. a3 Nxc3 12. bxc3 Nc6 13. cxd5 Qxd5 14.
Bf4 Rac8 15. Re1 Rfe8 16. h3 Be4 17. Be3 Bf6 18. Nd2 Bf5 19. Bf3 Qd7 20. g4
Bg6 21. Qa4 Rcd8 22. Bf4 h6 23. Kg2 a6 24. Ne4 Bxe4 25. Bxe4 Bg5 26. d5
Bxf4 27. dxc6 Qd6 28. cxb7 Be5 29. Bc6 Rf8 30. Rad1 Qf6 31. Rxd8 Rxd8 32.
Qe4 g6 33. Rd1 Bd6 34. Rd3 Rf8 35. Rf3 Qd8 36. Qd5 Qe7 37. Qb3 1-0

[Event "8th ch-Euro"]
[Site "Dresden GER"]
[Date "2007.04.06"]
[Round "4"]
[White "Sutovsky,E"]
[Black "Andriasian,Z"]
[Result "1-0"]
[WhiteElo "2629"]
[BlackElo "2508"]
[EventDate "2007.04.03"]

1. e4 c5 2. Nf3 d6 3. d4 cxd4 4. Nxd4 Nf6 5. Nc3 a6 6. Be3 e5 7. Nb3 Be7 8.
Qd2 O-O 9. O-O-O Be6 10. f4 Ng4 11. g3 Nxe3 12. Qxe3 Nc6 13. Kb1 b5 14. Nd5
Rb8 15. Be2 a5 16. fxe5 Nxe5 17. Nxe7+ Qxe7 18. Nxa5 Rfc8 19. Nb3 Qc7 20.
Qc3 Qxc3 21. bxc3 Rb6 22. Rd4 Rxc3 23. Rhd1 Rcc6 24. Na5 Bxa2+ 25. Kb2 Rc8
26. Rxd6 Rxd6 27. Rxd6 Bc4 28. Nxc4 bxc4 29. Kc3 f6 30. Ra6 Kf7 31. Ra4 Kg6
32. Bxc4 Kg5 33. Kb3 Rd8 34. Bd5 Nf3 35. c4 Nxh2 36. c5 Rc8 37. c6 Nf3 38.
Kc4 Ne5+ 39. Kc5 f5 40. Ra7 fxe4 41. Rxg7+ Kf6 42. Rxh7 e3 43. Rh2 Nd3+ 44.
Kb6 Ke5 45. Bc4 Kd4 46. Ba6 Rb8+ 47. Ka7 Rg8 48. c7 Nf2 49. Rh4+ Ke5 50.
Kb7 Ne4 51. Rxe4+ Kxe4 52. Be2 1-0

[Event "8th ch-Euro"]
[Site "Dresden GER"]
[Date "2007.04.06"]
[Round "4"]
[White "Bauer,Ch"]
[Black "Parligras,M"]
[Result "1/2-1/2"]
[WhiteElo "2609"]
[BlackElo "2494"]
[EventDate "2007.04.03"]

1. e4 c5 2. Nf3 Nc6 3. d4 cxd4 4. Nxd4 Nf6 5. Nc3 e5 6. Ndb5 d6 7. Bg5 a6
8. Na3 b5 9. Bxf6 gxf6 10. Nd5 f5 11. c3 Bg7 12. Bd3 Be6 13. Qh5 O-O 14.
O-O f4 15. g4 Rb8 16. Nc2 a5 17. Na3 b4 18. Nb5 bxc3 19. bxc3 Qd7 20. h3
Ne7 21. a4 Rfc8 22. Rad1 Rc5 23. Bc2 Bxd5 24. exd5 Ng6 25. Bd3 Qd8 26. Rfe1
Rxd5 27. Bc4 Rxd1 28. Rxd1 Qe7 1/2-1/2

[Event "8th ch-Euro"]
[Site "Dresden GER"]
[Date "2007.04.06"]
[Round "4"]
[White "Postny,E"]
[Black "Polak,T"]
[Result "1/2-1/2"]
[WhiteElo "2616"]
[BlackElo "2500"]
[EventDate "2007.04.03"]

1. d4 Nf6 2. c4 e6 3. Nf3 d5 4. g3 Bb4+ 5. Bd2 Be7 6. Bg2 O-O 7. O-O c6 8.
Bf4 Nbd7 9. Nc3 Nh5 10. Bd2 Nhf6 11. Bf4 Nh5 12. Bc1 Nhf6 13. Nd2 b6 14. b3
Bb7 15. Bb2 Rc8 16. e4 Qc7 17. e5 Ne8 18. Qg4 g6 19. Rac1 Qb8 20. Rfe1 Rc7
21. Nf1 Ng7 22. Ne3 f5 23. exf6 Nxf6 24. Qe2 Bd6 25. f4 Re7 26. Ncd1 c5 27.
dxc5 Bxc5 28. Be5 Qa8 29. Qb2 Nd7 30. Bd4 dxc4 31. Bxb7 Qxb7 32. Nxc4 Nf5
33. Bxc5 Nxc5 34. Ne5 Nd7 35. Nc6 Rg7 36. Qg2 Nc5 37. Nf2 g5 38. fxg5 Rxg5
39. Rc4 Qg7 40. b4 Nxg3 41. hxg3 Nd3 42. Nxd3 Rxg3 43. Rc2 Kh8 44. Nce5
Rxg2+ 45. Rxg2 Qf6 46. Rc1 Qd8 47. Rc4 Qf6 48. Rc7 Qf1+ 49. Kh2 Qf5 50. Rg4
Qf1 51. Rc2 Qf5 52. Rcg2 Qf6 53. Rg5 Rd8 54. Rh5 Rd4 55. Ng6+ Kg7 56. Ne7+
Kf8 57. Rf2 Qxf2+ 58. Nxf2 Kxe7 59. a3 Kd6 60. Kg2 Rc4 61. Rxh7 a5 62. bxa5
bxa5 63. Kf1 Rc1+ 64. Ke2 Rc2+ 65. Ke1 Ra2 66. Ne4+ Ke5 67. Nd2 Kd4 68. Rh3
e5 69. Ke2 e4 70. Re3 Kd5 71. Rc3 Ra1 72. Rh3 a4 73. Re3 Ra2 74. Rc3 Ra1
75. Rg3 Ra2 76. Re3 Rc2 77. Kd1 Ra2 78. Nb1 Rb2 79. Kc1 Rg2 80. Nd2 Kd4 81.
Rxe4+ Kd3 82. Rh4 Rg1+ 83. Kb2 Rg2 84. Rxa4 Rxd2+ 85. Kb3 Rd1 86. Kb4 Rb1+
87. Ka5 Ra1 88. Rh4 Kc3 89. Rg4 Ra2 90. Rg3+ Kc4 91. Rg4+ Kb3 92. a4
1/2-1/2